BIOCHEMISTRY AND CLINICAL PATHOLOGY [D.PHARMA, 2ND YEAR] (Record no. 8690)

MARC details
000 -LEADER
fixed length control field 00543nam a22001817a 4500
005 - DATE AND TIME OF LATEST TRANSACTION
control field 20240920155553.0
008 - FIXED-LENGTH DATA ELEMENTS--GENERAL INFORMATION
fixed length control field 240919b |||||||| |||| 00| 0 eng d
020 ## - INTERNATIONAL STANDARD BOOK NUMBER
ISBN 978-93-5480-388-8
041 ## - LANGUAGE CODE
Language code of text/sound track or separate title eng
082 ## - DEWEY DECIMAL CLASSIFICATION NUMBER
Classification number 615.1
100 ## - MAIN ENTRY--AUTHOR NAME
Personal name SRINIVASAN, DR. R & SINGH, DR. AJAY PAL AND TILEKAR, PROF DEVIKA K.
245 ## - TITLE STATEMENT
Title BIOCHEMISTRY AND CLINICAL PATHOLOGY [D.PHARMA, 2ND YEAR]
250 ## - EDITION STATEMENT
Edition statement 1ST RE-PRINT ED. 2024
260 ## - PUBLICATION, DISTRIBUTION, ETC. (IMPRINT)
Place of publication LUCKNOW
Name of publisher THAKUR PUBLICATION PVT LTD
300 ## - PHYSICAL DESCRIPTION
Number of Pages 295;P
650 ## - SUBJECT ADDED ENTRY--TOPICAL TERM
Topical Term PHARMACY
General subdivision D.PHARMA
942 ## - ADDED ENTRY ELEMENTS (KOHA)
Koha item type Books
Holdings
Lost status Damaged status Collection code Home library Current library Shelving location Date acquired Source of acquisition Cost, normal purchase price Serial Enumeration / chronology Full call number Accession Number Koha item type
    PHARMACY JRU Library JRU Library SHELF-72-C 03/09/2024 PURCHASE 320.00 NEW ARRIVALS SHELF 615.1 28549 Books
    PHARMACY JRU Library JRU Library SHELF-17-F 03/09/2024 PURCHASE 320.00   615.1 28550 Books